Quizzes
Events
Quiz Creation
Community
Videos
Private Events
Remove Ads
Sign In
Join for FREE
Feedback
Dark Mode
Quiz Categories
Sports
Geography
Music
Movies
Television
Just For Fun
Miscellaneous
History
Literature
Language
Science
Gaming
Entertainment
Religion
Holiday
For Kids
Quiz Lab
Recent
Popular Today
Quiz Kudos Today
Editor Picks
Curator Picks
Quizzes by...
Day
Popularity
Type
Ratings
Length
Year
Community
Subscriptions
Recent Discussions
Orange Saloon
Badges
Playlists
Quests
Create
Leaderboards
Showdown
Live 5
Trivia Bingo
Activity
Puzzle Library
Sporcle Events
Private Events
Virtual Trivia
Globe League
Become a Host
Pub Owners
SporcleCon
Opinionation
Our Games
Videos
Blog
Mobile Apps
Partnerships
Remove Ads and Go Orange
Feedback
Geography
Country
Landmarks
City
State
Population
World
Capital
Continent
Flags
Europe
Africa
Asia
South America
North America
Oceania
Border
Canada
United Kingdom
Topography
United States
Geography
Country
Landmarks
City
State
Population
World
Capital
Continent
Flags
Europe
Africa
Asia
South America
North America
Oceania
Border
Canada
United Kingdom
Topography
United States
Random Quiz
Search Sporcle
×
Quiz Lab
Quiz Lab
Geography
Country
Type in answers that appear in a list
Type in answers that appear in a list
Classic
Best Score? Go Orange.
Countries with stars (no astrikes) Stats
Can you name the countries with stars (no astrikes)?
By
bwarg
13m
54 Questions
21 Plays
21 Plays
21 Plays
Comments
Comments
Give Quiz Kudos
Give Quiz Kudos
-
- Ratings
hide this ad
Replay
Link that replays current quiz
Next Quiz
Link to next quiz in quiz playlist
You Got
0%
They Got
Avg Score
31%
Avg Friend Score
Upgrade to see
Score Distribution
Jump to the score distribution portion of the page
Score
0/54
Timer
13:00
0
Plays Today
flags may help
% Correct
usa
71.4%
china
71.4%
australia
71.4%
new zealand
71.4%
vietnam
42.9%
cuba
38.1%
venezuela
38.1%
ethiopia
38.1%
turkey
38.1%
papua new guinea
38.1%
tuvalu
38.1%
suriname
33.3%
brazil
33.3%
chile
33.3%
morocco
33.3%
tunisia
33.3%
ghana
33.3%
togo
33.3%
kosovo
33.3%
syria
33.3%
turkmenistan
33.3%
north korea
33.3%
st. kitts and nevis
28.6%
algeria
28.6%
guinea bissau
28.6%
liberia
28.6%
mauritania
28.6%
flags may help
% Correct
sao tome and principe
28.6%
angola
28.6%
pakistan
28.6%
singapore
28.6%
honduras
23.8%
panama
23.8%
burkina
23.8%
cape verde
23.8%
cameroon
23.8%
somalia
23.8%
uzbekistan
23.8%
philippines
23.8%
east timor
23.8%
comoros
23.8%
solomon island
23.8%
micronesia
23.8%
grenada
19%
senegal
19%
CAR central african republic
19%
democratic republic of congo
19%
burundi
19%
djibouti
19%
mozambique
19%
zimbabwe
19%
bosnia and herzegovina
19%
tajikstan
19%
mynamar
19%
Quiz Playlist
Details
Report
Send in Message
Add To Playlist
Classic:
Type in answers that appear in a list
Last Updated: Feb 16, 2017
Quiz Scoreboard
CHALLENGE
Sign Up to Join the Scoreboard
Show All
Scores
Hide
Comments
May contain spoilers
Recently Published
Street Fighter Characters
by Artimus82
Gaming
60s
9x9 Crossword: Cartoon Network
by jackfrog10
Miscellaneous
3m
College Basketball Coaching Resumes
by pancakes188
Sports
9m
More to Explore
Quiz From the Vault
Featured Blog Post
Where Did the Easter Bunny Come From?
hide this ad
You Might Also Like...
Tags
Country Quiz
help
May
star
strike
Today's Top Quizzes in Geography
Browse Geography
hide this ad
Today's Top Quizzes in Country
Browse Country
Top Contributed Quizzes in Geography
1
Countries of the World - No Outlines Minefield
2
Top 25 Cities of France on a map
3
Any capital of a 'B' country per Continent
4
Any capital of a 'C' country per Continent
5
Closest Countries to UK A-Z
6
Any capital of a 'D' country per Continent
7
5-to-1: US Geography No Hints
8
Any capital of an 'E' country per Continent
9
Find the US States - No Outlines
10
Any capital of an 'F' country per Continent
Explore More
Trending Topics
NBA
Anime
Harry Potter
Disney
Crossword
Kpop
Marvel
Song
Puzzle
The Office
Soccer
WWE
Country
NFL
Pokémon
hide this ad
More By:
bwarg
Quiz
Plays
Rating
Category
Featured
Created
types of gladiator
68
1.00
History
Apr 24, 2011
olympic colors
28
2.00
Sports
Apr 24, 2011
ebay gift card
24
Just For Fun
May 28, 2011
countries with stars (no astrikes)
21
1.67
Geography
Apr 21, 2011
chinese inventions
11
1.00
History
Apr 24, 2011
Go to Creator's Profile
Score Distribution
Quiz Creator Spotlight
bwarg
Follow
Send a Message
Quizzes Created
-
Created Quiz Play Count
-
More By This Creator
Popular Quizzes Today
1
Find the US States - No Outlines Minefield
2
Find the Countries of Europe - No Outlines Minefield
3
The Countries of the World
4
Find the US States
5
Risky Map Clicking: Biggest States A-Z
6
US States
7
Popular People in 1961
8
Movies - When Are They Set?
More Geography Quizzes
Pile of Flags
Editor's Pick
Trending Quizzes
Risky Map Clicking: Least Populous States A-Z
1-10 Letter G Words
Risky Map Clicking: Next State Alphabetically
Adjectives in 80s TV Shows
The Seven Year Switch: Catherine
Recently Updated
Leaping Animals
pecheneg
Reality TV Shows (A-Z)
bhenderson79
Rickey Henderson's Hall of Fame Teammates
pecheneg
Champions League XIs: Arsenal
pecheneg
Quick Pick: Celebrities in WWE's Hall of Fame
aduchscher
A-Z Keypad Blitz II
pecheneg
Multiple Oscar Actors
pecheneg
Mystery Phrase Blitz: Oscar 'Best Actors'
pecheneg
F. Scott Fitzgerald Novels
LTH
Pick 3 Villains
ddd62291
Trending Topics
Anime
Kpop
Harry Potter
Marvel
NBA
Disney
Crossword
Pokémon
WWE
Country
Soccer
Puzzle
Song
The Office
NFL
Your Account Isn't Verified!
In order to create a playlist on Sporcle, you need to verify the email address you used during registration. Go to your
Sporcle Settings
to finish the process.
Report this User
Report this user for behavior that violates our
Community Guidelines
.
Details:
Send Report
Go to the Sporcle.com Mobile Site →
Comments